[Event "ASEAN GM 2nd"]
[Site "Bangkok"]
[Date "2004.07.24"]
[Round "4"]
[White "Dao, Thien Hai"]
[Black "Zaw, Win Lay"]
[Result "1-0"]
[WhiteElo "2583"]
[BlackElo "2532"]
[Annotator "Golod,V"]
[PlyCount "61"]
[EventDate "2004.07.22"]
[EventType "tourn"]
[EventRounds "10"]
[EventCountry "THA"]
[EventCategory "12"]
[SourceTitle "CBM 103"]
[Source "ChessBase"]
[SourceDate "2004.11.11"]
[SourceVersion "1"]
[SourceVersionDate "2004.11.11"]
[SourceQuality "1"]

1. d4 Nf6 2. c4 e6 3. Nc3 Bb4 4. Qc2 d5 5. Nf3 c5 6. cxd5 Qxd5 7. Bd2 ({
The main line is:} 7. dxc5 {For further details,you can see my comments to
Stefansson,H-Palo,D/Aarhus 2003/CBM 97(1-0)(38)}) 7... Bxc3 8. bxc3 ({Also
repeatedly were checked up in previous games:} 8. Bxc3 cxd4 9. Nxd4 ({It
deserves more attention:} 9. Bxd4 $5 Nc6 10. Bc3 {Baburin,A-Atalik,S/San
Francisco,2002/CBM 92(1/2-1/2)(Atalik,S)(59) with more complicated position,
you can see annotated game.}) 9... e5 10. Nf5 Bxf5 11. Qxf5 Nc6 12. e3 O-O {
/\Qe4 with strong drawish tenses, Svetushkin,D-Istratescu,A/Patras,2002(1/2-1/
2)(24)}) 8... Nc6 9. e3 e5 $6 $146 {Too optimistic move.} ({Recently was
checked up another continuation:} 9... O-O 10. Be2 (10. Bd3 Qd6 {/\b6 and e5
<=>}) 10... b6 11. O-O Bb7 12. c4 Qd6 13. Bc3 cxd4 14. exd4 Ne7 15. Ne5 Rac8
$11 {Garcia,J-Garcia,J/Lima,2004(1-0)(36)}) 10. c4 Qd6 11. dxe5 $1 ({Doesn't
give any advantage:} 11. d5 {/\Bc3 because of:} e4 $1 ({Looks pretty good,but
leads to very difficult position:} 11... Nb4 $6 12. Bxb4 cxb4 13. c5 $1 (13. e4
$6 Nd7 $15 {[%csl Rc5,Yd7][%cal Yb7b6,Yd7c5]}) 13... Qxd5 14. Bb5+ Bd7 ({
Immediately loses a game the following move:} 14... Ke7 $4 {in view of:} 15.
Rd1 Qe6 (15... Qe4 $144 16. Qd2 {/\Qd6#}) 16. Ng5 $1 Qg4 $140 17. Qd2 {/\Qd6#}
Bd7 18. Qd6+ Ke8 19. Qxe5+ Kf8 20. Bxd7 Nxd7 21. Qd5 $1 $18) 15. Bc4 Qc6 (15...
Qe4 $143 16. Bxf7+ Ke7 (16... Kxf7 $4 17. Ng5+) 17. Qd2 {/\18.Qd6+ Kxf7 19.Ng5+
} h6 18. Bb3 $16) 16. Bxf7+ Ke7 17. O-O {+/=/+/-}) 12. dxc6 (12. Ng5 $5 Qe5 13.
Bc3 Qxg5 14. dxc6 O-O $13) 12... exf3 13. Qa4 (13. gxf3 $5 Qxc6 14. Rg1 $13)
13... O-O 14. gxf3 b6 15. Bc3 Bf5 16. Be2 Rfc8 $11) 11... Nxe5 12. Nxe5 Qxe5
13. Bc3 $14 {[%csl Gc3,Yf1][%cal Yf1d3,Gc3h8,Yd3h7] Now white's pair of
bishops are taking control over the main diagonals.} Qg5 $6 {The next
discrepancy.After this move,black's queen became an attack object,that helped
to white develop his pieces quickly.} (13... Qe6 $142 14. Bd3 Bd7 15. O-O $14)
14. h4 $1 Qg6 15. Bd3 $1 {[%mdl 512] It's so obvious that this sacrifice is
right!} Qxg2 16. O-O-O $36 Qc6 17. Rhg1 Bg4 $8 (17... g6 $2 18. Qb2 Ke7 $8 19.
Rg5 {/\20.Rxc5 +-}) 18. Rdf1 {/\f3(קg7)} Bh3 (18... h5 $5 19. f3 $1 Bh3 (19...
Bxf3 $2 20. Rxg7 $18) 20. Rf2 O-O-O (20... g6 $143 21. Rg3 Bd7 22. Bxg6 $1 $16)
(20... Qe6 $6 21. Rxg7 O-O-O (21... Qxe3+ $143 22. Qd2 $1 Qxd2+ 23. Kxd2 Ke7 $8
(23... Nd7 $2 24. Rg3) 24. Re2+ Be6 25. f4 Rh6 $8 26. f5 $140 Kf8 27. Bxf6 $1
Rxf6 28. Rh7 {[%csl Ra8,Rf8][%cal Gh7h8]} Bc8 (28... Kg8 $2 29. fxe6) 29. Rh8+
Kg7 30. Ree8 Rc6 $8 {[%tqu "En","Find the killer move!","","","h8h7","",10]}
31. Rh7+ $1 Kxh7 $8 (31... Kf6 $2 32. Rh6+ Kg7 33. f6+ $1 Rxf6 (33... Kxh6 34.
Rh8#) 34. Rh7#) 32. f6+ Bf5 $8 33. Bxf5+ Kh6 34. Rxa8 Rxf6 35. Rh8+ Kg7 36.
Rxh5 $18) 22. Rg3 Qxe3+ 23. Qd2 Qh6 (23... Rxd3 $2 24. Qxe3 Rxe3 25. Bxf6 $18)
(23... Qxd3 $2 24. Qxd3 Rxd3 25. Bxf6 $18) 24. Qg5 $1 $16) 21. Bf5+ Bxf5 22.
Qxf5+ Nd7 23. Bxg7 Rhg8 24. e4 {+/=/+/-}) 19. Re1 O-O-O {Black can not
simultaneously protect all weaknesses and consequently should agree to the
next concession.} ({Hardly it was better:} 19... g6 20. Qb2 Ke7 21. Rg5 $16 {
[%csl Rc5,Re7,Rf6][%cal Gg5c5,Gc3b4]} b6 22. Re5+ Kf8 23. Rd5 $1 Ke7 (23...
Nxd5 24. cxd5 Qxd5 25. Bg7+ $1 Ke8 (25... Kg8 26. Bxh8 $18) 26. Bb5+ $18) {
[%tqu "En","Can you find nice bomb that gives to White material advantage?","",
"","d3f1","Beautiful resource! White want to place his second bishop on the
second long diagonal.",10]} 24. Bf1 $3 {Beautiful resource! White want to
place his second bishop on the second long diagonal.} Nxd5 ({Black is
completely lost after:} 24... Bxf1 25. Bxf6+ Qxf6 $140 26. Rd7+ $1 Ke6 27. Rd6+
$18) (24... Bg4 25. Bg2 $1 $18) (24... Bf5 25. Bg2 $1 $18) 25. cxd5 $18 Qxd5
26. Bf6+ $1 Kd7 $140 27. Rd1) 20. Rxg7 $16 Rxd3 $2 {Simular to resignation.} ({
Much more stubborn was:} 20... Rhf8 21. Bf5+ Bxf5 22. Qxf5+ Nd7 23. Rxh7 Qa6
24. Kb2 Qxc4 25. Rc1 $16 {[%csl Gc1,Rc4,Rc8]}) 21. Qxd3 $18 {The rest is just
a matter of technique.} Rd8 22. Qc2 Qe6 23. e4 h6 24. Rgg1 (24. Qe2 $5) 24...
Qa6 25. Re3 Bd7 26. Bb2 Re8 27. Ra3 Qb6 28. f3 Nh5 29. Qd2 a6 30. Kb1 f5 31.
Rd3 {[%csl Rd7,Rh6][%cal Gd3d7,Gd3d6,Gd2h6] The further resistance is
senseless.} 1-0

[Event "FRA-chT Gp-A"]
[Site "France"]
[Date "2003.02.01"]
[Round "2"]
[White "Marcelin, Cyril"]
[Black "David, Alberto"]
[Result "1-0"]
[WhiteElo "2503"]
[BlackElo "2548"]
[Annotator "Golod,V"]
[PlyCount "61"]
[EventDate "2003.01.31"]
[EventType "team"]
[EventRounds "7"]
[EventCountry "FRA"]
[SourceTitle "CBM 094"]
[Source "ChessBase"]
[SourceDate "2003.05.26"]
[SourceVersion "1"]
[SourceVersionDate "2003.05.26"]
[SourceQuality "1"]
[WhiteTeam "Noyon"]
[BlackTeam "Drancy"]
[WhiteTeamCountry "FRA"]
[BlackTeamCountry "FRA"]

1. d4 Nf6 2. c4 e6 3. Nc3 Bb4 4. Qc2 d5 5. cxd5 Qxd5 6. e3 c5 7. Bd2 Bxc3 8.
Bxc3 cxd4 9. Bxd4 Nc6 10. Bc3 e5 {I have already commented three games on this
subject.} 11. Nf3 O-O $5 (11... Bg4 {See comments to Stohl,I-Suba,M/Halkidiki,
2002/CBM 92(1-0)(Golod,V)(54)}) 12. Be2 Re8 $5 $146 ({Before that,was tried
with success:} 12... Bg4 13. O-O Qc5 (13... e4 $6 {See comments to Gelfand,
B-Speelman,J/Las Vegas,1999/CBM 72(1-0)(Golod,V)(53)}) (13... Rfe8 $5 {[%csl
Re5,Ye8] +/=/= See comments to Kramnik,V-Anand,V/Frankfurt,1999/CBM 72(1/2-1/2)
(rapid)(Golod,V)(49)}) 14. Rac1 e4 15. Nd4 Nxd4 16. Bxd4 Qxc2 17. Rxc2 Bxe2 18.
Rxe2 Nd5 19. Rd2 {+/=/= Baburin,A-Atalik,S/San Francisco,2002(1/2-1/2)(59)})
13. O-O {+/=/=} Qe4 $5 ({Also deserves attention:} 13... Bg4 $5 14. Rfd1 Qc5 (
14... Qe6 $143 15. Ng5 Qf5 16. Qxf5 Bxf5 17. Bc4 {[%csl Rf7]}) 15. Rac1 {+/=/=}
) 14. Rfc1 {It is strategically right decision.White agree to exchange the
queens.} ({After:} 14. Bd3 $6 Qg4 15. h3 Qh5 {[%cal Ge5e4] the position of
black,as a minimum is not worse.}) 14... Qxc2 15. Rxc2 Bf5 {/^b1-h7} 16. Rcc1
a6 $6 {[%csl Rb6,Rc5] Besides this unessential easing of the queen side,black
has two alternatives:} (16... Nd5 $5 17. Bb5 $140 f6 {[%csl Re5][%cal Yf6e5]})
({and} 16... Ne4 17. Be1 Rac8 {+/=/=}) 17. Be1 {[%csl Ye1,Ge2] White have
hidden the bishops from exchange.} Rac8 18. Nd2 Nd5 ({Black could play more
actively:} 18... Nb4 19. Nc4 (19. Rxc8 $143 Rxc8 20. Nc4 Nc2 21. Rc1 Nxe1 22.
Rxe1 Bg4 23. f3 Be6 $11 {[%csl Ra2]}) 19... Nc2 20. Rxc2 Bxc2 21. Nd6 Rc6 22.
Nxe8 Nxe8 {+/=/=}) ({Badly:} 18... b5 {because of:} 19. a4 {[%csl Ra6,Rb5]})
19. Nc4 (19. e4 {is refuted by:} Nf4 {[%csl Re2]}) ({For the start it is a
good idea to improve the king's position:} 19. Kf1 {[%csl Yf1][%cal Yf1e2,
Ge3e4]}) 19... Rcd8 ({It was a little better:} 19... Red8 $5) 20. a3 {[%cal
Ya3b4]} ({Now:} 20. Na5 {not so is dangerous for black:} Nxa5 21. Bxa5 Rd7 22.
Rd1 Rc8 {+/=/=}) 20... h6 $6 {Loss of the important tempo.} ({It was much
better:} 20... e4 {+/=/=}) ({Also dubiously:} 20... Re7 21. Nd2 Red7 22. Nb3
Rc8 23. Nc5 Rdc7 24. b4 {with obvious advantage of white.}) 21. Nd2 $14 {
[%csl Rc6][%cal Yd2b3,Yb3c5,Ge2a6] White have created two threats: Bxa6 and
Nb3-c5.} Nc7 $6 ({In my opinion,it was necessary:} 21... Rc8 22. Nb3 Rc7 23.
Nc5 Rec8 $14) 22. Nb3 Ne6 $2 {It was better to keep a material equality:} (
22... Rd6 23. Na5 {[%csl Rb7,Rc6,Rc7]} Rb8 (23... Nxa5 $2 24. Rxc7 $1 Nb3 $140
25. Rd1 {[%csl Gb3,Rb7]} Rb6 26. Bc4 Be6 27. Bxe6 Rexe6 28. Rdd7 $16) 24. Nxc6
bxc6 (24... Rxc6 25. Rxc6 bxc6 26. b4) 25. Bc3 {+/=/+/-}) 23. Bxa6 bxa6 24.
Rxc6 $16 Rb8 ({More stubborn resistance after:} 24... Bd3 25. Bb4 Bb5) 25. Bb4
Bd3 26. Na5 Rb5 (26... Bb5 $142 27. Rc3 $16 (27. Rd6 $143 Rec8 {<->c})) 27.
Rac1 {This move is much better,than:} (27. Rxa6 Rxb4 28. Rxe6 Rxe6 29. axb4 Rb6
{[%csl Rb4]}) 27... h5 (27... Rd5 {[%cal Gd3b5]}) 28. h3 ({Again dubiously:} 
28. Rxa6 Rxb4 29. Rxe6 Rxe6 30. axb4 Rb6 {[%csl Rb4]}) 28... h4 (28... Ra8 $142
) 29. Nc4 {Please pay your attention to the work of the white knight.} Rd8 $2 {
Decisive mistake.} (29... Ra8 {+/-/+-}) 30. Rxa6 Nc5 31. Rd6 $18 (31. Rd6 Ne6
32. Rxd8+ Nxd8 33. Rc3) 1-0

[Event "FIDE-Wch k.o."]
[Site "New Delhi/Teheran"]
[Date "2000.11.30"]
[Round "2.1"]
[White "Dao, Thien Hai"]
[Black "Adams, Michael"]
[Result "1/2-1/2"]
[WhiteElo "2555"]
[BlackElo "2755"]
[Annotator "Golod,V"]
[PlyCount "62"]
[EventDate "2000.11.27"]
[EventType "k.o."]
[EventRounds "7"]
[EventCountry "IND"]
[SourceTitle "CBM 081"]
[Source "ChessBase"]
[SourceDate "2001.03.20"]
[SourceVersion "1"]
[SourceVersionDate "2001.03.20"]
[SourceQuality "1"]

1. d4 Nf6 2. c4 e6 3. Nc3 Bb4 4. Qc2 d5 5. cxd5 Qxd5 6. e3 c5 7. Bd2 Bxc3 8.
Bxc3 cxd4 9. Bxd4 Nc6 10. Bc3 O-O 11. Nf3 Qc5 (11... b6 {See comments to the
game: Shipov,S-Short,N/Port Erin,1999/CBM 74 (1-0)(Golod,V)(43)}) 12. Rc1 $6 {
This move allows to black equalize the game:} ({Much better is} 12. a3 $1 $14
Nd5 13. Bd3 $1 $146 g6 14. Bd2 Qxc2 15. Bxc2 e5 $6 16. Bb3 Rd8 17. Rc1 $2 $11 {
See commented game Ivanchuk,V-Adams,M/Wijk aan Zee,2001/CBM81(1/2-1/2)(Golod,V)
(33)} (17. Ng5 $1 $16)) 12... Nd5 {[%csl Rc3]} 13. Bd2 {Preventing Bc3
exchange.} Qxc2 14. Rxc2 Rd8 15. a3 ({Or} 15. e4 Ndb4 16. Rc4 a5 (16... Nxa2
17. Ra4 $16 {[%csl Ra2]}) 17. a3 Nd3+ 18. Bxd3 Rxd3 19. Ke2 Rd8 20. Rhc1 e5 $11
{[%cal Gc8g4,Gf7f6]}) 15... e5 ({Quite good is also} 15... h6 16. b4 a6 17. Bc4
e5 18. O-O Bf5 $11 {1/2-1/2 Georgiev,K-Adams,M/Sarajevo BIH 2000/ (22)}) 16.
Bb5 Nde7 17. Bc3 Bf5 $146 ({Without any problems black equalized in the game} 
17... f6 18. Bc4+ Kf8 19. Rd2 Bg4 20. h3 Bh5 $11 {[%cal Gh5f7] 1/2-1/2 Lazarev,
V-Hebert,J/Montreal,2000(37)}) 18. Rc1 f6 19. O-O Bd3 20. Bxd3 Rxd3 21. Rfd1
Rad8 22. Rxd3 Rxd3 23. Kf1 Kf7 24. Ke2 Rd7 {The position is absolutely equal.
Who wants to win?} 25. Nd2 Nd5 26. Ne4 b6 (26... Nxc3+ 27. Rxc3 Rd5 $11) 27.
Bd2 Nce7 28. f3 h5 29. Ng3 g6 30. Ne4 Ke6 31. Rc2 Rd8 1/2-1/2

[Event "NED-ch59"]
[Site "Leeuwarden"]
[Date "2004.06.30"]
[Round "1"]
[White "Van Wely, Loek"]
[Black "Tiviakov, Sergei"]
[Result "1-0"]
[WhiteElo "2651"]
[BlackElo "2593"]
[Annotator "Golod,V"]
[PlyCount "109"]
[EventDate "2004.06.30"]
[EventType "tourn"]
[EventRounds "9"]
[EventCountry "NED"]
[EventCategory "12"]
[SourceTitle "CBM 102"]
[Source "ChessBase"]
[SourceDate "2004.09.23"]
[SourceVersion "1"]
[SourceVersionDate "2004.09.23"]
[SourceQuality "1"]

1. d4 Nf6 2. c4 e6 3. Nc3 Bb4 4. Qc2 d5 5. cxd5 Qxd5 6. Nf3 Qf5 7. Qxf5 exf5 8.
a3 Bd6 9. Bg5 $5 {Besides White has two main alternatives:} (9. Nb5 $5 {
You can see my annotations to games: Vera,R-Stefansson,H/Varadero,2000/CBM 77
(1-0)(66) and Zhu Chen-Tiviakov,S/Wijk aan Zee,2004/CBM 99(1/2-1/2)(52)}) (9.
g3 $5 {You can see my comments to Kharlov,A-Timman,J/Saint Vincent,2000/CBM 78
(1-0)(46)}) 9... Nbd7 {On this line I could find only five games in my
Database.} (9... Ne4 $5 {See my comments to game: Dreev,A-Short,N/Reykjavik,
2004/CBM 100(1/2-1/2)(36)}) 10. e3 Nh5 $146 {Black's idea is: 11... h6 12.Bh4
g5 and to take away a White's bishop.} ({In this position once were checked
the following moves:} 10... a6 11. Bd3 h6 12. Bh4 g6 13. Nd2 g5 14. Bg3 Nb6 15.
Bxd6 cxd6 16. h4 $14 {Gagunashvili,M-Lobron,E/Amsterdam,2004(1/2-1/2)(53)}) ({
and} 10... h6 $5 11. Bh4 c6 12. Bd3 g6 13. O-O O-O 14. Nd2 Kg7 15. Bg3 Bxg3 16.
hxg3 Nb6 {+/=/= Yakovich,Y-Agrest,E/Stockholm,1999(1/2-1/2)(18)}) ({Also three
times checked up in previous games:} 10... c6) 11. Nb5 a6 ({Is a possible
continuation of the play:} 11... h6 $5 12. Nxd6+ (12. Bh4 $5) 12... cxd6 13.
Bh4 g5 14. Bg3 Ke7 15. Rc1 $14) 12. Nxd6+ cxd6 13. Nd2 h6 {Sergei Tiviakov
carries out the his main idea.} 14. Bh4 $140 g5 15. Bg3 ({I can not
recommended in this position:} 15. Be2 Ndf6 16. Bg3 Nxg3 17. hxg3 Be6 {/\Kd7
and Rac8 =}) 15... Ke7 16. h4 $6 {[%csl Gh1,Rh8] White want to use the "Rh1".}
(16. Rc1 $5 {<->c}) 16... Ndf6 $6 {Black did not use discrepancy of the
contender:} (16... Nxg3 $5 17. fxg3 Re8 18. Bd3 Nf6 {+/=/=}) 17. hxg5 hxg5 18.
Nc4 Rd8 19. Nb6 {From here knight reliably supervises a point "c8", that
provides to White possession <->c.} Rb8 (19... Nxg3 $5 20. fxg3 (20. Nxa8 $4
Nxh1 $19) 20... Rb8 21. Rc1 Re8 22. Rc7+ Bd7 {/\Kd8 +/=/=} 23. Rh6 $6 Kd8 $1
$13) 20. Rc1 Be6 $2 ({After:} 20... Nxg3 21. Rc7+ {we can receive the same
position, as in previous variant:} Bd7 22. fxg3 Re8 {and so on.}) 21. Bh2 $14 {
Now White keep a advantage of two bishops.} Ng7 $6 {Too passively!} (21... f4
$5) 22. Rc7+ Kf8 23. f3 {[%csl Yf3][%cal Yf3e4,Yf3g4]} Nge8 24. Rc3 Nd5 {
Black can not any more suffer here this knight.} 25. Nxd5 Bxd5 26. Bd3 Be6 {
Black had no other worthy alternative:} (26... Ng7 $4 27. Bxd6+ $1 Rxd6 28.
Rh8+ Ke7 29. Rxb8 $18) 27. Bg3 Kg7 28. e4 fxe4 29. fxe4 f6 30. Kd2 Bf7 (30...
Rbc8 $5 31. Rhc1 Rxc3 32. bxc3 d5 {+/=/+/-}) 31. Rhc1 Bg6 32. Ke3 Rd7 33. d5 {
Black continue to play without the concrete plan,but White in turn strengthen
a position of the his pieces.} Kf7 34. Kd4 Ke7 35. Rh1 {White supervise two
open lines "c" and "h".} Rc7 36. Rh6 Rxc3 $8 ({Immediately loses a game the
following move:} 36... Bf7 $2 {[%tqu "En","Can you find nice bomb that gives
to White material advantage?","","","g3d6","",10]} 37. Bxd6+ $3 Kxd6 $140 38.
e5+ Kd7 $8 (38... Ke7 $2 39. d6+) 39. Rh7 $1 fxe5+ 40. Kxe5 $18 Nd6 $140 (40...
Rxc3 41. Rxf7+ Kd8 42. bxc3 $18) 41. Bf5+ $1 $18) 37. bxc3 $1 $16 {White
improve the structure of his pawns and now will threaten with progress
c3-c4-c5.} Bf7 38. Rh7 Rc8 $6 (38... b5 $5) 39. a4 {This move is directed
against progress "b5".} Kf8 40. a5 {[%csl Ya5,Ra6,Rb7] White pawn fixes two
black pawns!} Rc7 41. c4 Kg8 42. Rh1 Kf8 43. Rb1 Bh5 {Black don't have any
clear plan,they wait and prepare for active actions on the part of White.} 44.
Rb6 Ke7 45. Be1 {The bishop passes to more convenient position.} Bg4 46. Bb4
Bc8 (46... Rd7 47. Bc2 Rc7 48. Ba4 $1 Bd7 $140 49. Bd1 {/\Bh5 and Bxe8 (קd6)})
47. Be2 $1 {/\Bh5 and Bxe8 (קd6) White provokes movements of pawn "g5" with
the purpose to create the next weakness in camp of the contender.} g4 48. Ba3
Bd7 49. Bd1 Bc8 50. Bb4 {There is no sense to hurry up with progress "c5".} Bd7
51. g3 Bc8 52. Ba3 Bd7 53. c5 $18 dxc5+ 54. Bxc5+ Kd8 (54... Kf7 55. d6 {
[%csl Gb7,Yc7][%cal Gb6b7,Yc7b7,Gd6c7]}) 55. Rb1 {[%csl Rc7][%cal Gc5b6] Black
rook is traped.The further resistance is impossible.} 1-0

[Event "Olympiad-34"]
[Site "Istanbul"]
[Date "2000.10.31"]
[Round "4.1"]
[White "Van Wely, Loek"]
[Black "Adams, Michael"]
[Result "1/2-1/2"]
[WhiteElo "2643"]
[BlackElo "2755"]
[Annotator "Golod,V"]
[PlyCount "85"]
[EventDate "2000.10.28"]
[EventType "team-swiss"]
[EventRounds "14"]
[EventCountry "TUR"]
[SourceTitle "EXT 2001"]
[Source "ChessBase"]
[SourceDate "2000.11.22"]
[SourceVersion "1"]
[SourceVersionDate "2000.11.22"]
[SourceQuality "1"]
[WhiteTeam "Netherlands"]
[BlackTeam "England"]
[WhiteTeamCountry "NED"]
[BlackTeamCountry "ENG"]

1. d4 Nf6 2. c4 e6 3. Nc3 Bb4 4. Qc2 d5 5. cxd5 Qxd5 6. Nf3 Qf5 7. Qxf5 {
After this move,white has a very small advantage in the endgame.} exf5 8. a3 $5
({Other alternatives are:} 8. Bd2 $5 {You can see comments to Sergienko,
S-Lopushnoy,D/St.Petersburg, 1999/CBM 71(1-0)(Golod,V)(49) and Ward,C-Speelman,
J/Southend,1999/CBM71(1/2-1/2)(Golod,V)(44)}) ({and} 8. Bf4 $5 {See comments
to Golod,V-Psakhis,L/ Tel-Aviv,1999/CBM 71 (1-0) (Golod,V) (67)}) 8... Be7 ({
Other options are:} 8... Bd6 {See comments to Kharlov,A-Timman,J/Saint Vincent,
2000/CBM 78(1-0)(Golod,V)(46)}) ({and} 8... Ba5 $6 {Relange,E-Kortschnoj,V/
Cannes,1996/CBM 51 (1/2-1/2)(Dautov,R)(39)}) 9. g3 {In my opinion this move is
meaningful at an arrangement of the black bishop on "d6",and then at white
there is an idea Bf4(ץd6).} (9. Bg5 $5 {and also comments to:9.Bf4!?;9.Ne5; 9.
b4!?;9.e3 see in game: Seirawan,Y-Adams,M/Bermuda,2000/CBM 76 (1/2-1/2)(Golod,
V) (43)}) 9... c6 $11 10. Bg2 Be6 $5 $146 {[%mdl 8] In view of that 11.Ng5 not
terribly black make this move at once.} ({Was checked in the previous games:} 
10... h6 $5 {[%csl Yh6][%cal Gc8e6,Yh6g5]} 11. O-O Be6 12. Ne5 (12. b4 $5)
12... Nbd7 13. Nxd7 Kxd7 $11 {Diotallevi,M-Patelli,A/Arco,2000(1/2-1/2)(42)}) (
{and} 10... Nbd7 $5 {[%cal Gd7b6]} 11. O-O a5 (11... Nb6 $5 12. Ne5 Nfd5 13.
Nxd5 Nxd5 14. b4 Be6 15. Bd2 Bf6 $11 {Loebler,H-Gerhold,M/Austria,1997(1/2-1/2)
(24)}) 12. Bg5 h6 13. Bxf6 Nxf6 14. Ne5 O-O 15. e3 Be6 16. Rfc1 Bd6 17. Nd3 Bb3
18. Bf3 Rfe8 $11 {Ivanisevic,I-Chabanon,J/Salou,2000(1/2-1/2) (42)}) 11. Bg5 {
Whether to tell the truth I do not know it is possible to advise something
best.} Nbd7 12. O-O a5 {[%cal Ya5b4] Michael Adams interferes with progress b4,
however nevertheless:} 13. b4 axb4 14. axb4 O-O ({Naturally that is impossible:
} 14... Rxa1 $6 15. Rxa1 $140 Bxb4 $4 {because of:} 16. Ra8+ Ke7 17. Rxh8 Bxc3
18. Rxh7 b5 $1 19. Rxg7 b4 20. Bd2 {+/-/+-}) 15. Rab1 ({Can be recommended:} 
15. b5 $5) 15... Ra3 16. Bxf6 $6 (16. Rfc1 $142 Rfa8 $11) 16... Nxf6 17. Rfc1 {
[%cal Gb4b5]} Ne4 {Already white should equalize a position.} 18. Nxe4 fxe4 19.
Ne5 e3 $5 ({Much worse is:} 19... f6 20. Nc4 Ra2 21. Bxe4 Rxe2 22. Bf3 Ra2 23.
b5 $11) 20. f4 Bf5 {/^b1-h7(><b1)} 21. Rb2 Ra4 {[%csl Rb4][%cal Yf5b1]} 22. d5
{Most probably this move better,than:} (22. g4 Be6 23. f5 Bc8 24. Nd3 Rd8 {
[%csl Rd4]} 25. d5 cxd5 26. Bxd5 h5 $15) 22... Rxb4 ({A little bit better is:} 
22... f6 $5 23. Nc4 Rxb4 24. Rxb4 (24. d6 $2 Bxd6 25. Nxd6 Rxb2 26. Nxf5 Rxe2
27. Bf3 $17) 24... Bxb4 25. dxc6 bxc6 26. Bxc6 Rd8 {=/+/=}) 23. Rxb4 Bxb4 24.
dxc6 Bd2 25. Rc5 bxc6 26. Nxc6 Bg4 27. Kf1 {[%cal Gh2h3] Now white have
coordinated the forces and they still have some exact moves for achievement
draw.} g6 (27... Ra8 $4 28. Ne7+ {[%csl Ra8,Gg2]}) 28. h3 Be6 29. g4 {[%cal
Yg2f3,Yf1g2]} Kg7 30. Bd5 $11 Bxd5 31. Rxd5 Rc8 32. Rd6 Ra8 33. Rd7 {The
weakness white's pawn "e2' is compensated by weakness black's pawn "f7".} Ra4
34. Rd4 Ra1+ 35. Kg2 Re1 36. Kf3 Rh1 (36... Rf1+ $6 37. Ke4 Rf2 38. Kd3 Rh2 39.
Ne5 Rxh3 40. Rd7 $36 {[%csl Rf7]}) 37. Rd7 {Already Loek Van Wely tries to
play on a win.At once drawn turns out after:} (37. Kg2 Re1 38. Kf3 $11) 37...
Rxh3+ 38. Kg2 Rh4 39. Ne5 {[%csl Rf7]} Kg8 $1 {This move removes all questions
from result of a game.} 40. Rd8+ (40. Rxf7 $2 Rxg4+ {[%csl Ye5,Rf7][%cal Ye5f7,
Gg8f7]}) 40... Kg7 41. Rd7 Kg8 42. Rd8+ Kg7 43. Rd7 1/2-1/2